| 000 | 00000nas 2200000za 4500 |
| 001 | 9.843249 |
| 003 | CaOODSP |
| 005 | 20221107152501 |
| 007 | cr ||||||||||| |
| 008 | 150406d19871995oncar p oss f0 a0eng|d |
| 022 | |y0847-0359|y0706-3083 |
| 040 | |aCaOODSP|beng |
| 041 | |aeng|afre |
| 043 | |an-cn--- |
| 086 | 1 |aCS13-213P-PDF |
| 245 | 00|aProvincial economic accounts, annual estimates |h[electronic resource] / |cStatistics Canada, Income and Expenditure Accounts Division = Comptes économiques provinciaux, estimations annuelles / Statistique Canada, Division des comptes des revenus et dépenses. |
| 246 | 11|aComptes économiques provinciaux, estimations annuelles |
| 260 | |aOttawa : |bStatistics Canada = Statistique Canada, |c1989-1996? |
| 310 | |aAnnual |
| 362 | 0 |a1976/1987-1995 |
| 500 | |aDigitized edition from print [produced by Statistics Canada]. |
| 546 | |aText in English and in French. |
| 692 | 07|2gccst|aEconomic conditions |
| 710 | 2 |aStatistics Canada. |
| 792 | |tProvincial economic accounts, annual estimates |efre|w(CaOODSP)9.843251 |